| 000 | 00365nam a22001457a 4500 | ||
|---|---|---|---|
| 003 | LK-CoDNM | ||
| 005 | 20240827115423.0 | ||
| 008 | 240827b |||||||| |||| 00| 0 eng d | ||
| 040 |
_aLK-CoDNM _dLK-CoDNM _eLK-CoDNM |
||
| 080 | _bGP1971 | ||
| 245 | _aParliamentary series | ||
| 260 |
_aColombo _bGovernment printers _c1971 |
||
| 300 | _b960p. ; 24 cm | ||
| 942 | _cBK | ||
| 999 |
_c149379 _d149379 |
||